000
00172nam a22000857a 4500
999
_c
16269
_d
16269
003
OSt
008
200629b ||||| |||| 00| 0 eng d
245
_a
Steam Tables
942
_c
BK